000 00416nam a2200145Ia 4500
008 231221s9999 xx 000 0 und d
020 _a0-86612-184-6
041 _aEnglish
082 _a657.837 AME;1 R
100 _aAmerican Hotel and Lodging Educational Institute
245 0 _aUniform System of Accounts for the Lodging Industry
260 _c2006
_bAH & LEI
_aLansing MI
300 _axx+275
942 _cHM
999 _c208607
_d208607